000 00205nam a22000857a 4500
008 160713b xxu||||| |||| 00| 0 eng d
100 _92741
_aBPI India
245 _aThe Tortoise
260 _aNew Delhi
_bBPI
_c2011
999 _c2380
_d2380